| 000 | 01042nam a2200325 i 4500 | ||
|---|---|---|---|
| 008 | |||
| 020 | _a9781841290829 (paperback) | ||
| 040 |
_aNUST _cNUST |
||
| 049 | _aMAIN | ||
| 090 |
_aHC79.T4 _bCON |
||
| 100 | _aConway, Gordon. | ||
| 245 | 0 | 0 |
_aScience and innovation for development / _cGordon Conway and Jeff Waage with Sara Delaney. |
| 260 |
_aLondon : _bUK Collaborative on Development Sciences, _c2010. |
||
| 300 |
_axix, 380pages. : _bcolour illustrations ; _c24 cm. |
||
| 336 |
_atext _btxt _2rdacontent |
||
| 337 |
_aunmediated _bn _2rdamedia |
||
| 338 |
_avolume _bnc _2rdacarrier |
||
| 500 | _aIncludes index. | ||
| 504 | _aIncludes bibliographical references. | ||
| 650 | 1 | 0 | _aMillenium development goals. |
| 650 | 0 | _aScientific research. | |
| 650 | 0 | _aTechnology. | |
| 650 | 0 | _aEducation. | |
| 700 | 1 | _aWaage, Jeff. | |
| 700 | 1 | _aDelaney, Sara. | |
| 907 |
_a.b10299361 _b06-10-21 _c06-07-11 |
||
| 003 | |||
| 005 | 20230123125317.0 | ||
| 942 |
_cBOOKS _kHC79.T4 _mCON |
||
| 999 |
_c139334 _d139334 |
||